000 01078nam a22003257a 4500
003 CHAP
005 20220329135404.0
008 971013s1978 r 00010 d
010 _a35520
011 _a36492
035 _a40611
040 _cCHAP
090 _aFolleto 6288
110 _aMéxico. Secretaría de Asentamientos Humanos y Obras Públicas
_977150
245 _aAsistencia técnica a estados y municipios para la planeación de los asentamientos humanos
260 _a(s.l.) :
_bLa Secretaría,
_c1978
300 _a21 p
500 _ac.3-5 en bodega
590 _aBATCH-UPD
_b10
_c20130110
_lUCH01
_h0933
590 _aBATCH-UPD
_b10
_c20130410
_lUCH01
_h0552
590 _aBATCH-UPD
_b10
_c20130914
_lUCH01
_h1916
590 _aCONVERSION
_b10
_c20130109
_lUCH01
_h1320
650 1 4 _aPlaneación regional.
_988700
650 1 4 _aUrbanismo.
_9116824
650 1 4 _aUrbanismo
_zMéxico.
_9116849
901 _aBK
942 _cFOLL
949 _aFolleto 6288
_bBC
_cFOLL
_d-92819
_eTS1
_i40611
_mD
_si
949 _aFolleto 6288
_bBC
_cFOLL
_d-92820
_eTS2
_fc.2
_i40611
_mD
_si
999 _c35520
_d35520